000 00346nam a22000977a 4500
008 150622b xxu||||| |||| 00| 0 eng d
010 _8HCCRSF:006
245 _aHIGH COURT CRIMINAL SESSION NO.22 of 1970 Uganda Vs 1.G.Ofodi 2. Wadidi s/o Walunduti 3. Y. saddar and other 9
260 _aHigh Court Kampala
500 _3Before: The Hon Mr.Justice Wambuzi
999 _c6528
_d6528